<?xml version="1.0" encoding="UTF-8"?>
<record
    xmlns:xsi="http://www.w3.org/2001/XMLSchema-instance"
    xsi:schemaLocation="http://www.loc.gov/MARC21/slim http://www.loc.gov/standards/marcxml/schema/MARC21slim.xsd"
    xmlns="http://www.loc.gov/MARC21/slim">

  <leader>01486nam a22002775i 4500</leader>
  <controlfield tag="001">158034</controlfield>
  <controlfield tag="003">ES-MaACL</controlfield>
  <controlfield tag="005">20250808063540.0</controlfield>
  <controlfield tag="008">030402s1884    sp           |||| | spa d</controlfield>
  <datafield tag="040" ind1=" " ind2=" ">
    <subfield code="a">CCPB | B </subfield>
    <subfield code="b">spa </subfield>
    <subfield code="c">CCPB | B</subfield>
  </datafield>
  <datafield tag="080" ind1=" " ind2=" ">
    <subfield code="a">616.24-002.5 </subfield>
  </datafield>
  <datafield tag="080" ind1=" " ind2=" ">
    <subfield code="a">579.873.2</subfield>
  </datafield>
  <datafield tag="100" ind1="1" ind2=" ">
    <subfield code="a">L&#xF3;pez Garc&#xED;a, Leopoldo,</subfield>
    <subfield code="d">1854-1932</subfield>
    <subfield code="e">aut</subfield>
    <subfield code="9">129206</subfield>
  </datafield>
  <datafield tag="245" ind1="1" ind2="0">
    <subfield code="a">Del bacilo de Koch en la tuberculosis :</subfield>
    <subfield code="b">importancia del examen microsc&#xF3;pico de los esputos en el diagn&#xF3;stico de la misma y t&#xE9;cnica especial para la investigaci&#xF3;n de dicho par&#xE1;sito / </subfield>
    <subfield code="c">por Leopoldo L&#xF3;pez Garc&#xED;a</subfield>
  </datafield>
  <datafield tag="260" ind1=" " ind2=" ">
    <subfield code="a">Madrid : </subfield>
    <subfield code="b">[s.n.], </subfield>
    <subfield code="c">1884</subfield>
    <subfield code="f">(Est. Tip. del Hospicio)</subfield>
  </datafield>
  <datafield tag="300" ind1=" " ind2=" ">
    <subfield code="a">20 p&#xE1;ginas ; </subfield>
    <subfield code="c">24 cm</subfield>
  </datafield>
  <datafield tag="490" ind1="1" ind2=" ">
    <subfield code="a">Biblioteca de la Revista especial de oftalmolog&#xED;a, dermatolog&#xED;a, sifilograf&#xED;a y afecciones urinarias y Bolet&#xED;n de medicina y cirug&#xED;a</subfield>
    <subfield code="9">241605</subfield>
  </datafield>
  <datafield tag="650" ind1=" " ind2="7">
    <subfield code="a">Tuberculosis</subfield>
    <subfield code="2">embne</subfield>
    <subfield code="9">17658</subfield>
  </datafield>
  <datafield tag="650" ind1=" " ind2="7">
    <subfield code="a">Mycobacterium tuberculosis</subfield>
    <subfield code="2">embne</subfield>
    <subfield code="9">156808</subfield>
  </datafield>
  <datafield tag="830" ind1=" " ind2="0">
    <subfield code="a">Biblioteca de la Revista especial de oftalmolog&#xED;a, dermatolog&#xED;a, sifilograf&#xED;a y afecciones urinarias y Bolet&#xED;n de medicina y cirug&#xED;a</subfield>
    <subfield code="9">241605</subfield>
  </datafield>
  <datafield tag="852" ind1=" " ind2=" ">
    <subfield code="a">ES-MaACL</subfield>
    <subfield code="c">DEPOF</subfield>
    <subfield code="g">Ded. ms. del autor a Manuel S&#xE1;enz D&#xED;ez </subfield>
    <subfield code="j">T-621-F-9 </subfield>
    <subfield code="x">Enc. en un vol. facticio</subfield>
    <subfield code="x">Holandesa, falto de cubierta original </subfield>
  </datafield>
  <datafield tag="852" ind1=" " ind2=" ">
    <subfield code="a">ES-MaACL</subfield>
    <subfield code="c">DEPOF</subfield>
    <subfield code="j">T-686-F-5 </subfield>
    <subfield code="x">Enc. en un vol. facticio</subfield>
    <subfield code="x">Holandesa, conservando cubierta original </subfield>
  </datafield>
  <datafield tag="942" ind1=" " ind2=" ">
    <subfield code="2">udc</subfield>
    <subfield code="c">FOLLETOS</subfield>
    <subfield code="n">0</subfield>
  </datafield>
  <datafield tag="999" ind1=" " ind2=" ">
    <subfield code="c">158034</subfield>
    <subfield code="d">158034</subfield>
  </datafield>
  <datafield tag="952" ind1=" " ind2=" ">
    <subfield code="0">0</subfield>
    <subfield code="1">0</subfield>
    <subfield code="4">0</subfield>
    <subfield code="7">0</subfield>
    <subfield code="8">Colecci&#xF3;n_de_folletos</subfield>
    <subfield code="a">ATENEOM</subfield>
    <subfield code="b">ATENEOM</subfield>
    <subfield code="c">DEPOF</subfield>
    <subfield code="d">2008-01-17</subfield>
    <subfield code="l">0</subfield>
    <subfield code="o">T-686-F-5</subfield>
    <subfield code="p">1165397</subfield>
    <subfield code="r">2023-02-23 00:00:00</subfield>
    <subfield code="w">2023-02-23</subfield>
    <subfield code="y">FOLLETOS</subfield>
  </datafield>
  <datafield tag="952" ind1=" " ind2=" ">
    <subfield code="0">0</subfield>
    <subfield code="1">0</subfield>
    <subfield code="4">0</subfield>
    <subfield code="7">0</subfield>
    <subfield code="8">Colecci&#xF3;n_de_folletos</subfield>
    <subfield code="a">ATENEOM</subfield>
    <subfield code="b">ATENEOM</subfield>
    <subfield code="c">DEPOF</subfield>
    <subfield code="d">2008-01-17</subfield>
    <subfield code="l">0</subfield>
    <subfield code="o">T-621-F-9</subfield>
    <subfield code="p">1165396</subfield>
    <subfield code="r">2023-02-23 00:00:00</subfield>
    <subfield code="w">2023-02-23</subfield>
    <subfield code="y">FOLLETOS</subfield>
  </datafield>
</record>
